Countries Avicii Visited - Statistics

General Stats
  • This quiz has been taken 83 times
    57 since last reset
  • The average score is 40 of 48
Answer Stats
Continent Country % Correct
South America Argentina
98%
South America Brazil
98%
Europe Finland
98%
Europe France
98%
Europe Italy
98%
Europe Norway
98%
Europe Spain
98%
Europe Sweden
98%
Oceania Australia
95%
Asia China
95%
Asia Japan
95%
Europe Portugal
95%
Europe United Kingdom
95%
North America United States of America
95%
Europe Belgium
93%
North America Canada
93%
Europe Denmark
93%
North America Mexico
93%
Europe Netherlands
93%
Asia South Korea
90%
Asia/ Europe Turkey
90%
Europe Austria
88%
Asia India
88%
Europe Poland
88%
Europe Switzerland
88%
South America Chile
85%
Europe Ireland
85%
Europe Croatia
83%
Asia Indonesia
83%
Asia Oman
83%
Asia Thailand
83%
Europe Estonia
78%
North America Panama
78%
Africa South Africa
78%
Asia Malaysia
76%
Oceania New Zealand
76%
Europe Luxembourg
73%
Europe Hungary
68%
Europe Malta
68%
Africa Morocco
68%
Asia Singapore
68%
Asia United Arab Emirates
68%
North America Dominican Republic
63%
Europe Serbia
63%
Asia Israel
61%
North America El Salvador
56%
Asia Bahrain
54%
Asia Phillipines
34%
No matching quizzes found
Score Distribution
Percent of People with Each Score
Percentile by Number Answered
Your Score History
You have not taken this quiz since the last reset